000 00816nam a22002537a 4500
003 LK-CoMWRAF
005 20231207102416.0
008 231207b2013 |||||||| |||| 00| 0 eng d
020 _a 9789555801409
040 _aLK-CoMWRAF
_dLK-CoMWRAF
_eLK-CoMWRAF
041 _aeng
082 _a303.69
_bTHA
100 _aThaheer, Minna
245 _a Reconciliation in Sri Lanka :
_bvoices from former war zones
260 _aColombo:
_bInternational Centre for Ethnic Studies,
_c2013
300 _axvii, 178 p. : ill., 1 map ; 22 cm
_bBibliography included
490 _aICES research paper
650 _aPeace-building
650 _aInternally displaced persons- Rehabilitation- Sri Lanka
650 _aSri Lanka- History-Civil War
700 _aPeiris, Pradeep
700 _aPathiraja, Kasun
942 _cBK
999 _c4298
_d4298